Statystyki dla Rozpoznaj grę po recenzji Steam #4

Kliknij tutaj aby rozwiązać quiz!

Ogólne statystyki

  • Ten quiz został rozwiązany 14 razy
  • Średni wynik to 7 z 20

Statystyki odpowiedzi

RecenzjaTytuł gry% Poprawnych
bajo jajoEuro Truck Simulator 2
83%
Ile seks modów to za dużo?The Elder Scrolls V: Skyrim Special Edition
67%
nie mam kolegów ale mam ciastkaCookie Clicker
58%
zabiłem 2 żabySTAR WARS Jedi: Survivor™
58%
Teraz mój pulpit jest ciekawszy niż jakieś 80% gier w mojej bibliotece. [...]Wallpaper Engine
58%
Najlepszy symulator jazdy i rozwałki. =)BeamNG.drive
50%
nie umiem przetrwać dwóch dniDon't Starve
50%
Ta gra jest jak moja była dziewczyna, zawsze do niej wracam, nie ważne jak bardzo jestem na nią zły i tak wrócę. To nie była prawda bo nie mam dziewczyny ani nawet byłej dziewczyny bo większość czasu spędzam na graniu i to zwłaszcza przy tej grze. Dzięki Ubi.Tom Clancy's Rainbow Six Siege
50%
Super dziewczynki w grze gra famili frendli nie ma nic strasznego curka zadowolona pozdrawiam smacznej kawyDoki Doki Literature Club
42%
yes plz mommy hornet step on meHollow Knight
33%
leon is in fact zawodowiecResident Evil 4
33%
chinski fortnite ale minus ze lagi sa czasem, i chinoli dzuo gra a ich ciezko pokonac, bo graja 30 godzin dziennie, nunczaki do usuniencia, i zrobcie tansze skinyNARAKA: BLADEPOINT
25%
Zawsze chciałem zobaczyć kosmicznego żółwiopiesoślimaka i jak narazie nie znalazłem, dalej szukam.No Man's Sky
25%
Najlepszy sposób na "rozerwanie się" z przyjaciółmi.Keep Talking And Nobody Explodes
17%
ten pomaranczowy robot ma seksowne dlugie nogiPortal 2
17%
wyproznilemsie co najmniej 5 razy w samym menu glownymAmnesia: The Dark Descent
8%
można upiec dziecko na grillu zupełnie jak w prawdziwym życiuThe Sims™ 4
8%
Lepszy Mały KsiążęLIMBO
0%
Małe jaszczurki grożą ci ludobójstwem 10/10Stellaris
0%
ślimak przekroczył granice.War Thunder
0%

Rozkład punktacji

Percentyl według liczby udzielonych odpowiedzi

Procent ludzi z każdym wynikiem

Twoja historia wyników

Nie rozwiązałeś tego quizu